000 01649pab a2200181 454500
008 180718b200O xxu||||| |||| 00| 0 eng d
100 _ahal, ManoranjanS
245 _arade unionism: perceptions and attitudes of workers, managers and leadersD
260 _c200O
300 _a.177-98.T
362 _act3
520 _ahis study, based on a questionnaire survey in South Eastern Railway, Kharagpur, examined the perceptions and attitudes of actors of the industrial relations system. Workers were found to be satisfied with the approach of the management but not with union leaders. Managers were also trying to adopt people building strategies and gain the confidence of workers through establishing direct channels of communication with them and bypassing the union. They considered union leaders as obstacles, not willing to maintain good relationships. Union leaders succumbed to pressure due to the loss of membership and lack of participation of workers in union activities. They were satisfied with the prevailing union-management relationships but considered management as an opposing force, as they were working towards decreasing the membership, and creating multiplicity for their own interests. Thus, union leaders had to bear the responsibility to increase membership, work for the success of the union as well as maintain a favourable union-management relationship. Implications of the findings for the management and union leaders are briefly discussed. - Reproduced.
650 _aManagersp
650 _arade unions
700 _arivastava, B.L.T
773 _aIndian Journal of Industrial Relations
909 _a54756
999 _c54756
_d54756